Угадай турецкие слова - Statistics

General Stats
  • This quiz has been taken 87 times
  • The average score is 7 of 21
Answer Stats
Слово Перевод % Correct
Altın Золото
94%
Ekmek Хлеб
61%
Yol Дорога
61%
Kan Кровь
57%
Orman Лес
54%
Asker Солдат
38%
Kelebek Бабочка
38%
Yağmur Дождь
38%
Uçak Самолёт
33%
Din Религия
29%
Cami Мечеть
28%
Pamuk Хлопок
25%
Pembe Розовый
24%
Şarkı Песня
22%
Masal Сказка
18%
Deprem Землетрясение
17%
Bataklık Болото
15%
Çiftlik Ферма
13%
Timsah Крокодил
13%
Satranç Шахматы
11%
Şimşek Молния
8%
No matching quizzes found
Score Distribution
Percent of People with Each Score
Percentile by Number Answered
Your Score History
You have not taken this quiz